| 000 | 00569nam a2200205 a 4500 | ||
|---|---|---|---|
| 005 | 20260322212024.0 | ||
| 008 | data | ||
| 010 | _a73-4687 | ||
| 020 | _a0872492850 | ||
| 020 | _a978-0-87249-285-1 | ||
| 090 | _aHV 40 G64 1973 | ||
| 100 | 1 |
_aGoldstein, Howard, _d1922- |
|
| 245 | 1 | 0 |
_aSocial work practice : _ba unitary approach. _cHoward Goldstein. |
| 260 |
_aColumbia, South Carolina _bUniversity of South Carolina Press _cc1973 |
||
| 300 | _axv, 288 p. | ||
| 500 | _aBibliography: p. 276-281. | ||
| 650 | 0 | 2 |
_aSocial Work _xhistory |
| 650 | 0 | 2 | _aSocial Work |
| 001 | data | ||
| 999 |
_c549 _d549 |
||